Salinity problems in the arid zones; (Record no. 547878)

000 -LEADER
fixed length control field 00545cam a2200145 4500
082 ## - DEWEY DECIMAL CLASSIFICATION NUMBER
Classification number 627.52
Author Mark UNE
-- L-18, P-9
245 10 - TITLE STATEMENT
Title Salinity problems in the arid zones;
Remainder of title proceedings. Les problèmes de la salinité dans les régions arides; actes.
260 ## - PUBLICATION, DISTRIBUTION, ETC.
Place of publication, distribution, etc. [Paris]
Name of publisher, distributor, etc. Unesco
Date of publication, distribution, etc. [1961]
300 ## - PHYSICAL DESCRIPTION
Extent 395 p.
Other physical details illus., maps, diagrs., tables.
Dimensions 28 cm.
490 1# - SERIES STATEMENT
Series statement Arid zone research, 14. Recherches sur la zone aride,
526 ## - STUDY PROGRAM INFORMATION NOTE
Program name 0
Interest level 0
Reading level 0
Title point value 627_520000000000000_UNE
650 #0 - SUBJECT ADDED ENTRY--TOPICAL TERM
Topical term or geographic name entry element MCE
9 (RLIN) 379
650 #0 - SUBJECT ADDED ENTRY--TOPICAL TERM
Topical term or geographic name entry element Salinity
General subdivision Arid regions.
9 (RLIN) 44026
942 ## - ADDED ENTRY ELEMENTS (KOHA)
Source of classification or shelving scheme
Koha item type Book
Holdings
Withdrawn status Lost status Source of classification or shelving scheme Damaged status Not for loan Permanent Location Current Location Date acquired Total Checkouts Full call number Barcode Date last seen Price effective from Koha item type
          Military College of Engineering (MCE) Military College of Engineering (MCE) 08/08/2014   627.52 UNE MCE-2231 08/08/2014 08/08/2014 Book
© 2023 Central Library, National University of Sciences and Technology. All Rights Reserved.